000 00738nam a2200289Ia 4500
005 20260324151009.0
008 008 260324s9999 xx 000 0 eng d
020 _a9781315739076
037 _aEBOOK
040 _aCRL
040 _beng
040 _cCRL
041 _2eng
041 _aeng
084 _qCRL
100 _aCharles Baudouin
245 0 _aSuggestion and Autosuggestion
245 2 _bA Psychological and Pedagogical Study Based Upon the Investigations Made by the New Nancy School
260 _bTaylor and Francis
260 _c1920
365 _a
365 _b220
856 _uhttp://www.taylorfrancis.com/books/9781315739076
942 _cEBOOK
999 _c1838750
_d1838750